<?xml version="1.0" encoding="UTF-8"?>
<record
    xmlns:xsi="http://www.w3.org/2001/XMLSchema-instance"
    xsi:schemaLocation="http://www.loc.gov/MARC21/slim http://www.loc.gov/standards/marcxml/schema/MARC21slim.xsd"
    xmlns="http://www.loc.gov/MARC21/slim">

  <leader>01362nam a2200205 a 4500</leader>
  <controlfield tag="008">      s1997    ag  |||g |||| 001 0 spa d</controlfield>
  <datafield tag="020" ind1=" " ind2=" ">
    <subfield code="a">9508600586</subfield>
  </datafield>
  <datafield tag="041" ind1=" " ind2=" ">
    <subfield code="a">spa</subfield>
  </datafield>
  <datafield tag="092" ind1=" " ind2=" ">
    <subfield code="c">808</subfield>
    <subfield code="l">30</subfield>
    <subfield code="s">GRA</subfield>
  </datafield>
  <datafield tag="100" ind1="1" ind2=" ">
    <subfield code="a">Grabivker, Mario Jos&#xE9;</subfield>
    <subfield code="9">3341</subfield>
  </datafield>
  <datafield tag="245" ind1=" " ind2=" ">
    <subfield code="a">Recordando a Tu&#xF1;&#xF3;n.</subfield>
    <subfield code="b">Testimonios, ensayos y poemas /</subfield>
    <subfield code="c">Mario Jos&#xE9; Grabivker</subfield>
  </datafield>
  <datafield tag="250" ind1=" " ind2=" ">
    <subfield code="a">1a ed.</subfield>
  </datafield>
  <datafield tag="260" ind1=" " ind2=" ">
    <subfield code="a">Buenos Aires:</subfield>
    <subfield code="b">Ediciones Instituto Movilizador de Fondos Cooperativos;</subfield>
    <subfield code="c">1997.</subfield>
  </datafield>
  <datafield tag="300" ind1=" " ind2=" ">
    <subfield code="a">127 p.</subfield>
  </datafield>
  <datafield tag="500" ind1=" " ind2=" ">
    <subfield code="a">Gravivker, M. J. (1997). Recordando a Tu&#xF1;on. Testimonios, ensayos y poemas. (1a ed.). Buenos Aires : Instituto Movilizador de Fondos Cooperativos.</subfield>
  </datafield>
  <datafield tag="505" ind1=" " ind2=" ">
    <subfield code="a">Los trabajos que presentamos informan sobre la vida y la obra del poeta argentino Ra&#xFA;l Gonz&#xE1;lez Tu&#xF1;&#xF3;n. En su conjunto, intentan dar una visi&#xF3;n, lo m&#xE1;s amplia posible, de sus intereses afectivos, pol&#xED;ticos, literarios, como as&#xED; tambi&#xE9;n del tiempo qu ele toc&#xF3; vivir. Es significativo que los diferentes autores que estudian su obra no puedan separar la peripecia personal de Ra&#xFA;l Gonz&#xE1;lez Tu&#xF1;&#xF3;n de su po&#xE9;tica, su texto del contexto en que &#xE9;sta se produce. Poeta l&#xED;rico, &#xE9;pico, intimista, social, inici&#xF3; un camino que grandes poetas latinoamericanos y espa&#xF1;oles, recorrer&#xED;an despu&#xE9;s. </subfield>
  </datafield>
  <datafield tag="590" ind1=" " ind2=" ">
    <subfield code="a">Donaci&#xF3;n Maria Vitarelli, Noviembre 2017.</subfield>
  </datafield>
  <datafield tag="655" ind1=" " ind2=" ">
    <subfield code="a">Literatura</subfield>
    <subfield code="9">2917</subfield>
  </datafield>
  <datafield tag="942" ind1=" " ind2=" ">
    <subfield code="2">ddc</subfield>
    <subfield code="c">LIT</subfield>
  </datafield>
  <datafield tag="999" ind1=" " ind2=" ">
    <subfield code="c">2642</subfield>
    <subfield code="d">2642</subfield>
  </datafield>
  <datafield tag="952" ind1=" " ind2=" ">
    <subfield code="0">0</subfield>
    <subfield code="1">0</subfield>
    <subfield code="2">ddc</subfield>
    <subfield code="4">0</subfield>
    <subfield code="7">0</subfield>
    <subfield code="a">BFM</subfield>
    <subfield code="b">BFM</subfield>
    <subfield code="c">CR</subfield>
    <subfield code="d">2018-02-06</subfield>
    <subfield code="e">Donaci&#xF3;n Maria Vitarelli, diciembre 2017</subfield>
    <subfield code="l">0</subfield>
    <subfield code="o">808 30 GRA</subfield>
    <subfield code="p">4165</subfield>
    <subfield code="r">2018-02-06</subfield>
    <subfield code="t">Ej. 1</subfield>
    <subfield code="w">2018-02-06</subfield>
    <subfield code="y">LIT</subfield>
    <subfield code="z">Proyecto 4to libro. Donaci&#xF3;n Maria Vitarelli, diciembre 2017</subfield>
  </datafield>
</record>
